<?xml version="1.0" encoding="UTF-8"?>
<record
    xmlns:xsi="http://www.w3.org/2001/XMLSchema-instance"
    xsi:schemaLocation="http://www.loc.gov/MARC21/slim http://www.loc.gov/standards/marcxml/schema/MARC21slim.xsd"
    xmlns="http://www.loc.gov/MARC21/slim">

  <leader>02140nam a22002897a 4500</leader>
  <controlfield tag="003">OSt</controlfield>
  <controlfield tag="005">20241007112642.0</controlfield>
  <controlfield tag="008">240822b        |||||||| |||| 00| 0 eng d</controlfield>
  <datafield tag="040" ind1=" " ind2=" ">
    <subfield code="c">Foundation University</subfield>
  </datafield>
  <datafield tag="050" ind1=" " ind2=" ">
    <subfield code="a">LG 221 D35 C66 </subfield>
    <subfield code="b">A5 I54 2016 B311</subfield>
  </datafield>
  <datafield tag="100" ind1=" " ind2=" ">
    <subfield code="a">Batalan, Vencent L.</subfield>
    <subfield code="9">7629</subfield>
  </datafield>
  <datafield tag="245" ind1=" " ind2=" ">
    <subfield code="a">Green room [thesis] : </subfield>
    <subfield code="b">interactive environmental virtual reality simulation game /</subfield>
    <subfield code="c">Vincent L. Batalan, Albertus Nikolae M. Cena, MUbarak T. Jamal, Renzo P. Olasiman, Anna B. Pastor, Samuel A. Saycon Jr. and Mark Andrew B. Tuble.</subfield>
  </datafield>
  <datafield tag="260" ind1=" " ind2=" ">
    <subfield code="a">Dumaguete City : </subfield>
    <subfield code="b">Foundation University,</subfield>
    <subfield code="c">2016.</subfield>
  </datafield>
  <datafield tag="300" ind1=" " ind2=" ">
    <subfield code="a">vii, 36 leaves :</subfield>
    <subfield code="b">ill. (col.)</subfield>
    <subfield code="c">275.cm.</subfield>
  </datafield>
  <datafield tag="502" ind1=" " ind2=" ">
    <subfield code="6">Thesis Undergraduate (BS Information Technology) -- Foundation University, 2016</subfield>
  </datafield>
  <datafield tag="504" ind1=" " ind2=" ">
    <subfield code="a">Includes bibliographical references and appendices.</subfield>
  </datafield>
  <datafield tag="520" ind1=" " ind2=" ">
    <subfield code="a">A Clean Environment is Important component of a healthy community. That is why methods in Teaching about proper waste management are added into the school curriculum to fulfill the Republic Act No. 9512 or the National Environmental Awareness and Education Act of 2008. This Includes traditional lectures while some use multimedia technology such as videos, animations, storytelling, and many more, However, even if virtual reality (VR) technology as a medium is readily and easily available for everyone, it is still one of the most unexplored method used as medium for  teaching. with VR viewers or any other virtual technology, learners will experience a different kind of interaction, an immersion into virtual learning space which demonstrates proper waste management.  </subfield>
  </datafield>
  <datafield tag="650" ind1=" " ind2=" ">
    <subfield code="2">LC</subfield>
    <subfield code="a">Green technology.</subfield>
    <subfield code="9">8384</subfield>
  </datafield>
  <datafield tag="658" ind1=" " ind2=" ">
    <subfield code="a">Capstone 2 </subfield>
    <subfield code="b">Information Technology, Bachelor of Science </subfield>
    <subfield code="c">IT 414</subfield>
  </datafield>
  <datafield tag="690" ind1=" " ind2=" ">
    <subfield code="2">FU</subfield>
    <subfield code="a">Sustainable development.</subfield>
    <subfield code="9">5988</subfield>
  </datafield>
  <datafield tag="690" ind1=" " ind2=" ">
    <subfield code="2">FU</subfield>
    <subfield code="a">Sustainable engineering.</subfield>
    <subfield code="9">8385</subfield>
  </datafield>
  <datafield tag="690" ind1=" " ind2=" ">
    <subfield code="2">FU</subfield>
    <subfield code="a"> Development durable.</subfield>
    <subfield code="9">8386</subfield>
  </datafield>
  <datafield tag="690" ind1=" " ind2=" ">
    <subfield code="2">FU</subfield>
    <subfield code="a">Environment |x Politique gouvernementale.</subfield>
    <subfield code="9">8387</subfield>
  </datafield>
  <datafield tag="690" ind1=" " ind2=" ">
    <subfield code="2">FU</subfield>
    <subfield code="a">Economic policy</subfield>
    <subfield code="9">8388</subfield>
  </datafield>
  <datafield tag="690" ind1=" " ind2=" ">
    <subfield code="2">FU</subfield>
    <subfield code="a">Simulation Game</subfield>
    <subfield code="9">8389</subfield>
  </datafield>
  <datafield tag="942" ind1=" " ind2=" ">
    <subfield code="2">lcc</subfield>
    <subfield code="c">CAPSTONE</subfield>
    <subfield code="n">0</subfield>
    <subfield code="h">LG 221 D35 C66 </subfield>
    <subfield code="i">A5 I54 2016 B311</subfield>
  </datafield>
  <datafield tag="999" ind1=" " ind2=" ">
    <subfield code="c">3544</subfield>
    <subfield code="d">3544</subfield>
  </datafield>
  <datafield tag="952" ind1=" " ind2=" ">
    <subfield code="0">0</subfield>
    <subfield code="1">0</subfield>
    <subfield code="2">lcc</subfield>
    <subfield code="4">0</subfield>
    <subfield code="7">0</subfield>
    <subfield code="a">FURACenter</subfield>
    <subfield code="b">URACenter</subfield>
    <subfield code="c">UGT</subfield>
    <subfield code="d">2024-10-04</subfield>
    <subfield code="e">donation</subfield>
    <subfield code="l">0</subfield>
    <subfield code="o">LG 221 D35 C66 A5 I54 2016 B311</subfield>
    <subfield code="p">0132024003084</subfield>
    <subfield code="r">2024-09-10 00:00:00</subfield>
    <subfield code="w">2024-09-10</subfield>
    <subfield code="y">CAPSTONE</subfield>
    <subfield code="k">0132024003084</subfield>
  </datafield>
</record>
